000 00784nam a2200241 i 4500
001 bg
100 1 _aOLZACKA, Barbara.
245 1 0 _aLeksykon zarządzania finansami /
_cBarbara Olzacka, Renata Pałczyńska-Gościniak.
260 _aGdańsk :
_bOśrodek Doradztwa i Doskonalenia Kadr,
_c1998.
300 _a366, [3] s. :
_bwykr. ;
_c24 cm.
650 9 _aFinanse
650 9 _aPrzedsiębiorstwo
_xfinanse
655 _aEncyklopedie
700 1 _aPAŁCZYŃSKA-GOŚCINIAK, Renata.
020 _a837187135X
040 _cBPK
041 0 _apl
080 _a336:658.14/.17](03)
920 _a83-71871-35-X
942 _cKS
008 s pl f |000 0 pol
856 _uhttp://koha.tu.koszalin.pl/cgi-bin/koha/opac-detail.pl?biblionumber=33548
_yKatalog online BPK
999 _c33548
_d33548